Normas "NEMA" para turbinas hidráulicas y rteguladores (Record no. 155271)

MARC details
000 -LEADER
fixed length control field 00529nam a22001577a 4500
005 - DATE AND TIME OF LATEST TRANSACTION
control field 20210308124749.0
008 - FIXED-LENGTH DATA ELEMENTS--GENERAL INFORMATION
fixed length control field 210308b mx ||||| |||| 00| 0 spa d
050 04 - LIBRARY OF CONGRESS CALL NUMBER
Classification number TJ840
Item number C66 1953
110 2# - MAIN ENTRY--CORPORATE NAME
Corporate name or jurisdiction name as entry element Comisión Federal de Eléctricidad. (México)
245 10 - TITLE STATEMENT
Title Normas "NEMA" para turbinas hidráulicas y rteguladores
Statement of responsibility, etc / Comisión Federal de Electricidad. (México)
250 ## - EDITION STATEMENT
Edition statement 1a ed.
260 ## - PUBLICATION, DISTRIBUTION, ETC. (IMPRINT)
Place of publication, distribution, etc México :
Name of publisher, distributor, etc CFE,
Date of publication, distribution, etc 1953
300 ## - PHYSICAL DESCRIPTION
Extent 68 p. :
Other physical details il. ,
Dimensions 28 cm.
650 #7 - SUBJECT ADDED ENTRY--TOPICAL TERM
Source of heading or term LEMB
Topical term or geographic name as entry element Turbinas hidráulicas
942 ## - ADDED ENTRY ELEMENTS (KOHA)
Source of classification or shelving scheme Biblioteca del Cogreso de los Estados Unidos
Koha item type Libro
Holdings
Estado de pérdida Fuente de clasificación Estado del daño No para préstamo Ubicación permanente Ubicación actual Apartado o colección Fecha de adquisición Fuente de adquisición Edición Área del conocimiento Total Checkouts Clasificación Código de Barras Date last seen Número de copia Costo por reposición Tipo de recurso
  Biblioteca del Cogreso de los Estados Unidos     Biblioteca de la Facultad de Ingeniería Eléctrica Biblioteca de la Facultad de Ingeniería Eléctrica General 08/03/2021 Unidad Académica 1a ed. Ingeniería y Tecnología   TJ840 C66 1953 BIE000008039 08/03/2021 C:1 1.00 Libro